KOHA-Header-6

Cultural Anthropology (Record no. 6463)

000 -LEADER
fixed length control field 00273nam a2200109Ia 4500
100 ## - MAIN ENTRY--AUTHOR NAME
Personal name Conard Phillip Kottak
245 #0 - TITLE STATEMENT
Title Cultural Anthropology
260 ## - PUBLICATION, DISTRIBUTION, ETC. (IMPRINT)
Place of publication New York
Name of publisher Prentice Hall Inc.
Year of publication 2002
300 ## - PHYSICAL DESCRIPTION
Number of Pages 545
942 ## - ADDED ENTRY ELEMENTS (KOHA)
Koha item type Books
Holdings
Withdrawn status Lost status Collection code Permanent Location Current Location Shelving location Date acquired Full call number Accession Number Koha item type
    English Literature MAJU MAJU Shelf No.A14 2019-09-07 306 2834 English Literature

Powered by Koha